Richard Schultz / (Record no. 13343)

MARC details
000 -CABECERA
campo de control de longitud fija 00982nam a2200289 4500
003 - IDENTIFICADOR DEL NÚMERO DE CONTROL
campo de control OSt
005 - FECHA Y HORA DE LA ÚLTIMA TRANSACCIÓN
campo de control 20260530115311.0
008 - DATOS DE LONGITUD FIJA--INFORMACIÓN GENERAL
campo de control de longitud fija 260507b2007 |||a|||| |||| 00| 0 eng d
040 ## - FUENTE DE LA CATALOGACIÓN
Centro catalogador/agencia de origen ICI
Lengua de catalogación spa
Centro/agencia transcriptor ICI
041 ## - CÓDIGO DE LENGUA
Código de lengua del texto/banda sonora o título independiente eng
050 ## - SIGNATURA TOPOGRÁFICA DE LA BIBLIOTECA DEL CONGRESO
Número de clasificación NK1412.S38
Número de documento/Ítem A4 2007
100 1# - ENTRADA PRINCIPAL--NOMBRE DE PERSONA
Nombre de persona Shultz, Richard
9 (RLIN) 32782
245 10 - MENCIÓN DE TÍTULO
Título Richard Schultz /
Mención de responsabilidad, etc. Richard Schultz.
250 ## - MENCIÓN DE EDICIÓN
Mención de edición 1a edición.
260 ## - PUBLICACIÓN, DISTRIBUCIÓN, ETC.
Lugar de publicación, distribución, etc. Illinois :
Nombre del editor, distribuidor, etc. Richard Schultz Design,
Fecha de publicación, distribución, etc. 2007.
264 #1 - PRODUCCIÓN, PUBLICACIÓN, DISTRIBUCIÓN, FABRICACIÓN Y COPYRIGHT
Nombre del de productor, editor, distribuidor, fabricante Richard Shultz Inc.
Fecha de producción, publicación, distribución, fabricación o copyright 2007
Producción, publicación, distribución, fabricación y copyright China
300 ## - DESCRIPCIÓN FÍSICA
Extensión 142 páginas :
Otras características físicas ilustraciones a color, retratos ;
336 ## - TIPO DE CONTENIDO
Término de tipo de contenido texto
Fuente rdacontent
337 ## - TIPO DE MEDIO
Nombre/término del tipo de medio sin medio
Fuente rdamedia
338 ## - TIPO DE SOPORTE
Nombre/término del tipo de soporte volumen
Fuente rdacarrier
600 ## - PUNTO DE ACCESO ADICIONAL DE MATERIA--NOMBRE DE PERSONA
Nombre de persona Schultz, Richard
Subdivisión general Crítica e interpretación.
9 (RLIN) 32783
650 ## - PUNTO DE ACCESO ADICIONAL DE MATERIA--TÉRMINO DE MATERIA
Término de materia o nombre geográfico como elemento de entrada Diseñadores industriales
Subdivisión de forma Biografías.
Subdivisión geográfica Estados Unidos
9 (RLIN) 32784
650 ## - PUNTO DE ACCESO ADICIONAL DE MATERIA--TÉRMINO DE MATERIA
Término de materia o nombre geográfico como elemento de entrada Diseño de muebles
Subdivisión de forma Historia.
Subdivisión geográfica Estados Unidos
9 (RLIN) 32785
650 ## - PUNTO DE ACCESO ADICIONAL DE MATERIA--TÉRMINO DE MATERIA
Término de materia o nombre geográfico como elemento de entrada Muebles modernos
Subdivisión general Diseño.
650 ## - PUNTO DE ACCESO ADICIONAL DE MATERIA--TÉRMINO DE MATERIA
Término de materia o nombre geográfico como elemento de entrada Diseño industrial
Subdivisión general Historia
Subdivisión cronológica Siglo XX.
942 ## - ELEMENTOS DE PUNTO DE ACCESO ADICIONAL (KOHA)
Fuente del sistema de clasificación o colocación Library of Congress Classification
Tipo de ítem Koha
Suprimir en OPAC 1

No items available.